Central Library OPAC University of Rajshahi

Commentaries on the registration act, 1908 (XVI of 1908) : (Record no. 9176)

MARC details
000 -LEADER
fixed length control field 00571nam a2200193 4500
001 - CONTROL NUMBER
control field 9176
003 - CONTROL NUMBER IDENTIFIER
rucl marc code BD-RjUL
005 - DATE AND TIME OF LATEST TRANSACTION
control field 20211208234730.0
008 - FIXED-LENGTH DATA ELEMENTS--GENERAL INFORMATION
fixed length control field 200114s1966 pk ||||| |||| 00| 0 eng d
035 ## - SYSTEM CONTROL NUMBER
System control number (BD-RjUL)9221
040 ## - CATALOGING SOURCE
Original cataloging agency BD-RjUL
Language of cataloging eng
Transcribing agency BD-RjUL
041 ## - LANGUAGE CODE
Language code of text/sound track or separate title eng
082 ## - DEWEY DECIMAL CLASSIFICATION NUMBER
Classification number 347
Author mark and year ABC 1966
Edition number 23
100 ## - MAIN ENTRY--PERSONAL NAME
Personal name Abdul-Aziz, Kazi
9 (RLIN) 28477
245 ## - TITLE STATEMENT
Title Commentaries on the registration act, 1908 (XVI of 1908) :
Remainder of title as amended up to date /
Statement of responsibility, etc. Kazi Abdul-Aziz
260 ## - PUBLICATION, DISTRIBUTION, ETC. (IMPRINT)
Place of publication, distribution, etc. Pakistan :
Name of publisher, distributor, etc. Karachi, N.B. Kazi ,
Date of publication, distribution, etc. 1966
300 ## - PHYSICAL DESCRIPTION
Pagination xxii, 175 p. ;
Size 22 cm.
942 ## - ADDED ENTRY ELEMENTS (KOHA)
Source of classification or shelving scheme Dewey Decimal Classification
Koha item type Books
Holdings
Lost status Source of classification or shelving scheme Damaged status Not for loan Collection code Permanent Location Current Location Shelving location Date acquired Source of acquisition Cost, normal purchase price Total Checkouts Full call number Date last seen Copy number Koha item type
  Dewey Decimal Classification     Non-fiction Central Library, University of Rajshahi Central Library, University of Rajshahi   02/07/1968 Warist book cor. 8.00   347 ABC 1966 20/01/2014 C-4 Books
  Dewey Decimal Classification     Non-fiction Central Library, University of Rajshahi Central Library, University of Rajshahi   20/07/1968 WARSI BK 8.00   347 ABC 1966 23/01/2014 C-3 Books
  Dewey Decimal Classification     Non-fiction Central Library, University of Rajshahi Central Library, University of Rajshahi   02/07/1968 Warsi book co. dhaka 8.00   347 ABC 1966 02/08/2016 C-5 Books
  Dewey Decimal Classification   Not For Loan Non-fiction Central Library, University of Rajshahi Central Library, University of Rajshahi Reading Room 02/07/1968 asia book com. 8.00   347 ABC 1966 24/05/2017 C-1 Books